banner koha

Potencial agroclimático para o cultivo da atemóia (Annona squamosa L. X Annona cherimola mill.)no estado da Bahia (Registro n. 226694)

MARC details
000 -LÍDER
campo de controle de tamanho fixo 01082nas a2200349 4500
001 - NÚMERO DE CONTROLE
campo de controle BR2013002135
003 - IDENTIFICADOR DO NÚMERO DE CONTROLE
campo de controle BR-BrBNA
005 - DATA E HORÁRIO DA ÚLTIMA TRANSAÇÃO
campo de controle 20231205122045.0
007 - CAMPO FIXO DE DESCRIÇÃO FÍSICA--INFORMAÇÃO GERAL
campo de controle de tamanho fixo ta
008 - CAMPO DE DADOS FIXOS--INFORMAÇÃO GERAL
campo de controle de tamanho fixo 230509b bl.|||p| |||| 00| 00por d
040 ## - FONTE DA CATALOGAÇÃO
Instituição da catalogação original BR-BrBNA
Idioma da catalogação por
Instituição que transcreveu o registro Biblioteca Nacional de Agricultura
041 ## - CÓDIGO DE IDIOMA
Código do idioma do texto/trilha sonora ou título diferente (Pt)
072 ## - CÓDIGO DE CATEGORIA DE ASSUNTO
Código de Categoria de Assunto F30; P40
100 1# - ENTRADA PRINCIPAL--NOME PESSOAL
Nome pessoal Silva, T.G.F. da
100 1# - ENTRADA PRINCIPAL--NOME PESSOAL
Nome pessoal Zolnier, S.
100 1# - ENTRADA PRINCIPAL--NOME PESSOAL
Nome pessoal Moura, M.S.B. de
100 1# - ENTRADA PRINCIPAL--NOME PESSOAL
Nome pessoal Sediyama, G.C.
100 1# - ENTRADA PRINCIPAL--NOME PESSOAL
Nome pessoal Steidle Neto, A.J.
100 1# - ENTRADA PRINCIPAL--NOME PESSOAL
Nome pessoal Silva Junior, J.L.C. da
245 1# - TÍTULO
Título Potencial agroclimático para o cultivo da atemóia (Annona squamosa L. X Annona cherimola mill.)no estado da Bahia
650 ## - ASSUNTO--TERMO TÓPICO
Cabeçalho tópico ou nome geográfico ATEMÓIA
650 ## - ASSUNTO--TERMO TÓPICO
Cabeçalho tópico ou nome geográfico FRUTA TROPICAL
650 ## - ASSUNTO--TERMO TÓPICO
Cabeçalho tópico ou nome geográfico ANNONA SQUAMOSA
650 ## - ASSUNTO--TERMO TÓPICO
Cabeçalho tópico ou nome geográfico CHERIMÓIA
650 ## - ASSUNTO--TERMO TÓPICO
Cabeçalho tópico ou nome geográfico ANNONA CHERIMOLA
650 ## - ASSUNTO--TERMO TÓPICO
Cabeçalho tópico ou nome geográfico CRUZAMENTO VEGETAL
650 ## - ASSUNTO--TERMO TÓPICO
Cabeçalho tópico ou nome geográfico CLIMATOLOGIA
650 ## - ASSUNTO--TERMO TÓPICO
Cabeçalho tópico ou nome geográfico BAHIA
773 0# - ENTRADA ANALÍTICA
Título Revista Brasileira de Agrometeorologia (Brazil)
ISSN - International Standard Serial Number ISSN 0104-1347
Partes relacionadas (Sep-Dec 2006), v. 14(3) p. 261-271
Número de controle do registro BR2013002135
909 ## -
-- 202311
-- Lúcia
-- 55
-- Lúcia Elande
942 ## - ELEMENTOS DE ENTRADA ADICIONADOS (KOHA)
Fonte da classificação ou esquema de arquivamento na estante Classificação AGRIS
Ocultar no OPAC Não
Tipo de material Koha Analítica
Exemplares
Situação do descarte Fonte da classificação ou esquema de arquivamento na estante Situação física Não pode ser emprestado Biblioteca de origem Biblioteca atual Localização na estante Enumeração do periódico / cronologia Total de empréstimos Data de último acesso Número do exemplar Tipo de material Koha Fonte de aquisição
  Classificação AGRIS   Consulta local Biblioteca Nacional de Agricultura - Binagri Biblioteca Nacional de Agricultura - Binagri   (Sep-Dec 2006), v. 14(3) p. 261-271   29/11/2023 01 Periódicos Portaria Interministerial nº 164/94

BINAGRI

Telefone: (61)3218-2567/2388/3357/2097 - binagri@agro.gov.br

Ministério da Agricultura e Pecuária , Esplanada dos Ministérios, Bloco D, Anexo B, Brasília/DF, CEP: 70.043-900